00281nam a2200109Ia 4500008004100000082001400041100001700055245003200072260003800104300000700142650002200149191201s2019 xx 000 0 und d a615.4 KAP aKASTURE, A.V 0aPractical Pharmaceutics- II bNirali PrakashanaNew Delhic2019 a99 aPharmaceutics - 4